00515 2200145 4500245018100000250001100181100002700192650002800219005001900247260004500266041001400311084001000325300002500335336000900360 aPetunjuk Pengisian Surat Pemberitahuan Masa Pajak Pertambahan Nilai (SPT Masa PPN) b : SPT Masa PPN Formulir 1107 beserta Lampiran - LampirannyacDepartemen Keuangan RIhText aCet. 1 aDepartemen Keuangan RI aPajak Pertambahan Nilai a20230209092340 aJakartabDirektorat Jenderal Pajakc2006 aIndonesia a336.2 ax, 63 hlm. :c21 cm. atext